[Event "Harrachov op-B"]
[Site "Harrachov"]
[Date "2009.10.30"]
[Round "8"]
[White "Trebicky, Jiri"]
[Black "Buk, Pavel"]
[Result "1/2-1/2"]
[WhiteElo "1488"]
[BlackElo "1677"]
[PlyCount "36"]
[EventDate "2009.10.24"]
[EventType "swiss"]
[EventRounds "9"]
[EventCountry "CZE"]
[SourceTitle "EXT 2012"]
[Source "ChessBase"]
[SourceDate "2011.11.24"]
[SourceVersion "1"]
[SourceVersionDate "2011.11.24"]
[SourceQuality "1"]

1. e4 e5 2. Nf3 Nf6 3. Nxe5 d6 4. Nf3 Nxe4 5. d3 Nf6 6. Bg5 Be7 7. Be2 h6 8. Bh4 Nd5 9. Bxe7 Qxe7 10. 0-0 Qf6 11. c3 Nc6 12. d4 Nf4 13. Re1 0-0 14. Bd3 Bg4 15. h3 Nxh3+ 16. Kf1 Nf4 17. Re3 Rfe8 18. Nbd2 Rxe3 1/2-1/2

[Event "Harrachov op-B"]
[Site "Harrachov"]
[Date "2009.10.27"]
[Round "5"]
[White "Trebicky, Jiri"]
[Black "Kaluzny, Michal"]
[Result "0-1"]
[WhiteElo "1488"]
[BlackElo "1592"]
[PlyCount "106"]
[EventDate "2009.10.24"]
[EventType "swiss"]
[EventRounds "9"]
[EventCountry "CZE"]
[SourceTitle "EXT 2012"]
[Source "ChessBase"]
[SourceDate "2011.11.24"]
[SourceVersion "1"]
[SourceVersionDate "2011.11.24"]
[SourceQuality "1"]

1. e4 c5 2. Nf3 Nc6 3. d4 cxd4 4. Nxd4 g6 5. Nc3 Bg7 6. Be3 Nf6 7. Bc4 0-0 8. f3 d6 9. Qd2 Bd7 10. 0-0-0 Rc8 11. Bb3 Ne5 12. h4 h5 13. Bh6 Nc4 14. Qg5 Rc5 15. Nd5 Nxd5 16. exd5 Bxh6 17. Qxh6 Na5 18. Ne6 Nxb3+ 19. axb3 Bxe6 20. dxe6 Qe8 21. Rhe1 f6 22. g4 hxg4 23. fxg4 Re5 24. Rh1 Rxe6 25. h5 g5 26. Rh2 Re4 27. Rdh1 Rxg4 28. Qg6+ Qxg6 29. hxg6 Rh4 30. Rxh4 gxh4 31. Rxh4 Kg7 32. Rh7+ Kxg6 33. Rxe7 Rf7 34. Re6 Kg5 35. Rxd6 f5 36. Kd2 Re7 37. Rd8 Kg4 38. Rg8+ Kf3 39. Rg5 f4 40. Rg6 Kf2 41. Rg4 Rd7+ 42. Kc3 f3 43. Rg6 Re7 44. Kd2 Rd7+ 45. Kc3 Kf1 46. Rg5 f2 47. Rg6 Rd1 48. Rg7 Ke1 49. Re7+ Kf1 50. Rg7 Ke2 51. Re7+ Kf3 52. Rf7+ Kg3 53. Rg7+ Kh4 0-1

[Event "Harrachov op-B"]
[Site "Harrachov"]
[Date "2009.10.26"]
[Round "3"]
[White "Trebicky, Jiri"]
[Black "Sebo, Viktor"]
[Result "1-0"]
[WhiteElo "1488"]
[BlackElo "1813"]
[PlyCount "35"]
[EventDate "2009.10.24"]
[EventType "swiss"]
[EventRounds "9"]
[EventCountry "CZE"]
[SourceTitle "EXT 2012"]
[Source "ChessBase"]
[SourceDate "2011.11.24"]
[SourceVersion "1"]
[SourceVersionDate "2011.11.24"]
[SourceQuality "1"]

1. e4 e5 2. Nf3 Nc6 3. Bc4 Bc5 4. c3 Nf6 5. d4 Bb6 6. dxe5 Nxe4 7. 0-0 0-0 8. Qe2 Nc5 9. Bg5 Ne7 10. Nbd2 d6 11. exd6 Qxd6 12. Bxe7 Qg6 13. Bxf8 Bh3 14. Nh4 Qg5 15. Ndf3 Qg4 16. Bxc5 Bxc5 17. Kh1 Bd6 18. gxh3 1-0